Disciples of SRI Samkara / (Record no. 55543)

MARC details
000 -LEADER
fixed length control field 00903nam a22002537a 4500
005 - DATE AND TIME OF LATEST TRANSACTION
control field 20110810113757.0
008 - FIXED-LENGTH DATA ELEMENTS--GENERAL INFORMATION
fixed length control field 110810t xxu||||| |||| 00| 0 eng d
010 ## - LCCN (DPL NO)
LC control number ENG-103464
020 ## - INTERNATIONAL STANDARD BOOK NUMBER
International Standard Book Number 8185141614
Terms of availability 160.00
035 ## - SYSTEM CONTROL NUMBER
System control number EN-86997
037 ## - SOURCE OF ACQUISITION
Source of stock number/acquisition DBAD/PUB
040 ## - CATALOGING SOURCE
Original cataloging agency DPL
Language of cataloging Eng
082 ## - DEWEY DECIMAL CLASSIFICATION NUMBER
Classification number 181.41
100 ## - MAIN ENTRY--PERSONAL NAME
9 (RLIN) 31629
Personal name Sankaranarayanan, S.
245 ## - TITLE STATEMENT
Title Disciples of SRI Samkara /
Statement of responsibility, etc by S.Sankaranarayanan
260 ## - PUBLICATION, DISTRIBUTION, ETC. (IMPRINT)
Place of publication, distribution, etc Chennai
Name of publisher, distributor, etc The Theosophical Publishing House
Date of publication, distribution, etc 2009
270 ## - ADDRESS
Address P.O.Box 270, Wheaton, lllinois
City Chennai
Postal code 700069
300 ## - PHYSICAL DESCRIPTION
Extent xii,98p.
Dimensions 22cm (pbk)
490 ## - SERIES STATEMENT
Series statement The Adyar library pamphlet series no. 64
-- 34143
650 ## - SUBJECT ADDED ENTRY--TOPICAL TERM
9 (RLIN) 31639
700 ## - ADDED ENTRY--PERSONAL NAME
9 (RLIN) 31640
942 ## - ADDED ENTRY ELEMENTS (KOHA)
Source of classification or shelving scheme Dewey Decimal Classification
Item type English Books
Call number suffix SAN
Classification part 181.41
Holdings
Withdrawn status Lost status Source of classification or shelving scheme Damaged status Not for loan Collection code Home library Current library Date acquired Source of acquisition Cost, normal purchase price Total Checkouts Full call number Barcode Date last seen Copy number Cost, replacement price Koha item type
    Dewey Decimal Classification   Not For Loan Non-fiction D.B.Act.Division D.B.Act.Division 17/08/2011 DBAD / PUB 160.00   181.41 SAN EN-86997 17/08/2011 1 160.00 English Books

© Delhi Public Library
Hit Counter
free hit counter